[Event "Agneaux St Lo U16 op 21th"]
[Site "Agneaux"]
[Date "2019.07.12"]
[Round "8.3"]
[White "Ribera Veganzones, Serni"]
[Black "Guyonvarch, Thomas"]
[Result "1-0"]
[WhiteElo "1694"]
[BlackElo "1448"]
[PlyCount "131"]
[EventDate "2019.07.06"]
[EventType "swiss"]
[EventRounds "9"]
[EventCountry "FRA"]
[SourceTitle "EXT 2020"]
[Source "ChessBase"]
[SourceDate "2019.10.17"]
[SourceVersion "1"]
[SourceVersionDate "2019.10.17"]
[SourceQuality "1"]

1. e4 e5 2. Nc3 Nc6 3. g3 Nf6 4. Bg2 Bc5 5. Nge2 d6 6. Na4 Bg4 7. h3 Bh5 8. 0-0 Nd4 9. g4 Bxg4 10. hxg4 Nxg4 11. Nxd4 Qh4 12. Nf3 Bxf2+ 13. Rxf2 Qxf2+ 14. Kh1 h5 15. Qe1 Qxe1+ 16. Nxe1 h4 17. Bf3 Nf6 18. d3 Nh5 19. Bg4 Ng3+ 20. Kg2 g6 21. Nc3 f5 22. Bh3 f4 23. Nd5 Kd8 24. Nf3 c6 25. Nf6 Ke7 26. Ng4 b5 27. Ngxe5 dxe5 28. Nxe5 f3+ 29. Nxf3 Kd6 30. Bf4+ Kc5 31. d4+ Kb6 32. Bxg3 hxg3 33. Kxg3 Raf8 34. Ne5 Rd8 35. c3 Rh5 36. Bg4 Rh7 37. Nxg6 Rh6 38. Ne5 Rdh8 39. Nf7 Rh1 40. Rxh1 Rxh1 41. e5 a5 42. Nd6 Kc7 43. Kf4 Rf1+ 44. Kg5 a4 45. Nf5 Kd8 46. Kf6 Kd7 47. e6+ Kd8 48. Bh5 a3 49. bxa3 b4 50. axb4 c5 51. e7+ Kc7 52. bxc5 Re1 53. e8Q Rxe8 54. Bxe8 Kd8 55. c6 Kxe8 56. d5 Kd8 57. d6 Ke8 58. Ke6 Kd8 59. c7+ Kc8 60. Ne7+ Kb7 61. c8Q+ Ka7 62. d7 Kb6 63. d8Q+ Kb5 64. Qd5+ Ka4 65. Qb3+ Ka5 66. Nc6# 1-0